Doña Francisca Pizarro: una ilustre mestiza 1534-1598

שמור ב:
מידע ביבליוגרפי
מחבר ראשי: Rostworowski de Diez Canseco, María (Author)
פורמט: ספר
שפה:ספרדית
יצא לאור: Lima Instituto de Estudios Peruanos 2003
מהדורה:3a. ed
סדרה:Historia Andina, 14
נושאים:
תגים: הוספת תג
אין תגיות, היה/י הראשונ/ה לתייג את הרשומה!

MARC

LEADER 00000cam a2200000 a 4500
001 UCH3393
003 CL-VaPUC
008 090723e20030000PE |||||||||||||||||spa|d
020 |a 9789972510908 
082 0 4 |a 980.013  |b ROS  |2 21 
100 0 |a Rostworowski de Diez Canseco, María  |e author  |9 538720 
245 1 0 |a Doña Francisca Pizarro: una ilustre mestiza 1534-1598 
250 |a 3a. ed 
300 |a 177 p 
942 |c BK 
945 |d 20090723 00:00:00  |a dcastane 
260 |a Lima  |b Instituto de Estudios Peruanos  |c 2003 
650 0 |a Historia de América  |9 266076 
650 0 |a América hispánica  |9 538721 
650 0 |a Mujeres  |9 257649 
583 |a last modification  |c 20121128 04:01:52  |k Rodrigo Vera 
490 0 |a Historia Andina, 14 
999 |c 334962  |d 334960 
952 |0 0  |1 0  |4 0  |6 980_013000000000000_ROS_2003  |7 0  |8 X  |9 424406  |a FDOBUD  |b FDOBUD  |d 2019-11-22  |i 4578422  |o 980.013 ROS 2003  |p 4578422  |r 2019-11-22  |w 2019-11-22  |y BK_X  |k BUD 
952 |0 0  |1 0  |4 0  |6 980_013000000000000_ROS_2003  |7 0  |8 X  |9 424407  |a FDOBUD  |b FDOBUD  |d 2019-11-22  |i 4930010  |o 980.013 ROS 2003  |p 4930010  |r 2019-11-22  |w 2019-11-22  |y BK_X  |k BUD